| 000 | 00679ntm a2200229 i 4500 | ||
|---|---|---|---|
| 001 | 17716 | ||
| 003 | ES-MaACL | ||
| 005 | 20250821085500.0 | ||
| 007 | t| | ||
| 008 | 010509s1985 sp |||| | spa d | ||
| 080 | _a128(043.2) | ||
| 080 | _a179.7(043.2) | ||
| 100 | 1 |
_aCardona Herrero, Sergio. _935186 |
|
| 245 | 1 | 0 |
_aSobre la muerte y los suicidios _b: tesina de licenciatura / _cSergio Cardona Herrero. |
| 260 |
_aMadrid : _b[S. Cardona Herrero], _c1985. |
||
| 300 |
_a295 h. ; _c30 cm. |
||
| 597 | _aEjemplar mecanografiado. | ||
| 650 | 1 | 7 |
_aMuerte _2embne _915241 |
| 650 | 1 | 7 |
_aSuicidio _2embne _917259 |
| 852 |
_aES-MaACL _jA-273 |
||
| 999 |
_c17716 _d17716 |
||